Statistics for Capitals A-Z #2

Click here to take the quiz!

General Stats

  • This quiz has been taken 15,416 times
    (15,410 since last reset)
  • The average score is 16 of 25

Answer Stats

Region Capital % Correct
ONorwayOslo
97%
WPolandWarsaw
96%
JIndonesiaJakarta
93%
EScotlandEdinburgh
92%
RBrazil (1822-1960)Rio de Janeiro
91%
HHawaiiHonolulu
89%
DSyriaDamascus
88%
MBelarusMinsk
85%
KJapan (794-1868)Kyoto
82%
NUnited States (1785-1790)New York City
77%
IIndianaIndianapolis
76%
BSerbiaBelgrade
76%
LNigeria (1914-1976)Lagos
73%
TPiedmont, ItalyTurin
68%
FSierra LeoneFreetown
64%
SSouth Vietnam (1954-1975)Saigon
64%
GJalisco, MexicoGuadalajara
55%
VLaosVientiane
53%
ZAragon, SpainZaragoza
44%
CIncan Empire (1200's-1533)Cuzco
38%
YNorthwest Territories, CanadaYellowknife
34%
AMughal Empire (1598-1648)Agra
32%
PPersian Empire (515-331 BC)Persepolis
29%
QPhilippines (1948-1976)Quezon City
27%
UXinjiang Uyghur AR, ChinaÜrümqi
18%

Score Distribution

Percentile by Number Answered

Percent of People with Each Score

Your Score History

You have not taken this quiz since the last reset